| 000 | 00000nam 2200000za 4500 |
| 001 | 9.837755 |
| 003 | CaOODSP |
| 005 | 20230801131751 |
| 007 | cr ||||||||||| |
| 008 | 170606s2015 onc ob f000 0 fre d |
| 040 | |aCaOODSP|bfre |
| 043 | |an-cn--- |
| 086 | 1 |aPS83-3/348F-PDF |
| 100 | 1 |aTernes, Marguerite. |
| 245 | 10|aPermissions de sortir et placements à l'extérieur |bcaractéristiques et tendances relatives à l'utilisation / |h[ressource électronique] : |cMargurite Ternes, Leslie Helmus et Trina Forrester. |
| 260 | |aOttawa : |bService correctionnel du Canada, |c2015. |
| 300 | |avi, 40 p. : |btableaux. |
| 490 | 1 |aRapport de recherche ; |vR-348 |
| 500 | |aPublié aussi en anglais sous le titre : Temporary absences and work releases: characteristics and patterns of use. |
| 500 | |a« Février 2015. » |
| 504 | |aComprends des réferences bibliographiques. |
| 520 | |aLe but de l'étude était d'examiner les tendances relatives à l'utilisation et les caractéristiques des permissions de sortir (PS) et des placements à l'extérieur (PE) au Service correctionnel du Canada (SCC) dans le cadre de deux études. Dans la première étude, on a examiné les PS et les PE sous l'angle de l'événement, alors que dans la seconde, on a envisagé les PS et les PE sous l'angle du délinquant. |
| 692 | 07|2gccst|aDétenu |
| 692 | 07|2gccst|aEmploi |
| 700 | 1 |aHelmus, Leslie. |
| 700 | 1 |aForrester, Trina. |
| 710 | 2 |aService correctionnel Canada. |bDirection de la recherche. |
| 775 | 08|tTemporary absences and work releases |w(CaOODSP)9.837752 |
| 830 | #0|aRapport de recherche (Service correctionnel Canada. Direction de la recherche)|vR-348|w(CaOODSP)9.502465 |
| 856 | 40|qPDF|s393 Ko|uhttps://publications.gc.ca/collections/collection_2017/scc-csc/PS83-3-348-fra.pdf |